Solutions : intermediate /

Hlavní autor: Falla, Tim, 1959-
Další autoři: Davies, Paul A., Hudson, Jane, Krantz, Caroline, Begg, Amanda
Jazyk: Angličtina
Vydáno: Oxford : Oxford University Press, 2012-
Vydání: 2nd ed.
Témata:
Fyzický popis: ^^^sv. : il. (převážně barev.) ; 28 cm
Knihy
Uloženo v:
LEADER 04703nam a2200733 aa4500
001 001265606
003 CZ BrMZK
005 20170918123307.0
007 ta
008 121116m20129999xxka d p 000 0 eng
020 |a 978-0-19-455294-3  |q (student's book :  |q brož.) 
020 |a 978-0-19-455360-5  |q (workbook :  |q brož.) 
020 |a 978-0-19-455284-4  |q (workbook :  |q audio CD) 
020 |a 978-0-19-455372-8  |q (teacher's book :  |q brož.) 
020 |a 978-0-19-455346-9  |q (teacher's book :  |q CD-ROM) 
020 |a 978-0-19-455275-2  |q (DVD) 
020 |a 978-0-19-455425-1  |q (CDs) 
040 |a BOA001  |b cze 
072 7 |a 811.111  |x Angličtina  |2 Konspekt  |9 11 
072 7 |a 37.016  |x Učební osnovy. Vyučovací předměty. Učebnice  |2 Konspekt  |9 22 
080 |a 811.111  |2 MRF 
080 |a (07.063)81  |2 MRF 
080 |a (075.3)  |2 MRF 
080 |a (076.1)  |2 MRF 
080 |a (072)  |2 MRF 
100 1 |a Falla, Tim,  |d 1959-  |7 xx0003592  |4 aut 
245 1 0 |a Solutions :  |b intermediate /  |c Tim Falla, Paul A. Davies 
246 3 0 |a Solutions - intermediate 
250 |a 2nd ed. 
260 |a Oxford :  |b Oxford University Press,  |c 2012- 
300 |a ^^^sv. :  |b il. (převážně barev.) ;  |c 28 cm 
500 |a Na obálce označení: CEFR B2, B1, A2 
505 1 |a student's book: Maturita Solutions. 136 s. -- workbook: Maturita Solutions / Jane Hudson, Tim Falla, Paul A. Davies. 120 s. + 1 CD -- teacher's book / Caroline Krantz, Amanda Begg, Tim Falla, Paul A. Davies. 151 s. + 1 CD-ROM -- DVD -- class CDs. 3 CD 
650 0 7 |a angličtina  |7 ph114056  |2 czenas 
653 0 |a jazyková úroveň B1 
655 7 |a jazykové učebnice, texty, příručky (B)  |7 fd600891  |2 czenas 
655 7 |a učebnice středních škol  |7 fd133771  |2 czenas 
655 7 |a pracovní sešity  |7 fd133116  |2 czenas 
655 7 |a metodické příručky  |7 fd132826  |2 czenas 
700 1 |a Davies, Paul A.  |7 pna2008424922  |4 aut 
700 1 |a Hudson, Jane  |7 pna2008467140  |4 aut 
700 1 |a Krantz, Caroline  |7 xx0073061  |4 aut 
700 1 |a Begg, Amanda  |7 hka2013742019  |4 aut 
740 0 2 |a Maturita Solutions 
910 |a BOA001  |b 4-1294.542  |b CDR-1294.542  |b CDR2-1294.542 
990 |a BK 
991 |b 201212  |c NOV  |e dn  |x 99 
996 7 |b 2610529102  |c 4-1294.542  |d 1,student's book  |v 1  |l Anglická knihovna/2.patro  |r ZHR  |n 38  |p kup  |h CY 28  |w 001300035  |u 000010  |a 0  |e BOA001  |j MZK50  |s A 
996 7 |b 2610529103  |c 4-1294.542  |d 2,maturita workbook  |v 2  |l Anglická knihovna/2.patro  |r ZHR  |n 26  |p kup  |h CY 28  |w 001300035  |u 000020  |a 0  |e BOA001  |j MZK50  |s A 
996 7 |b 2610529105  |c 4-1294.542  |d 3,teacher's book  |v 3  |l Anglická knihovna/2.patro  |r ZHR  |n 27  |p kup  |h CY 28  |w 001300035  |u 000040  |a 0  |e BOA001  |j MZK50  |s A 
996 7 |b 2610529107  |c CDR2-1294.542  |d 4, DVD  |v 4  |l Anglická knihovna/2.patro  |r ZHR  |n 10  |p kup  |h DVD 74  |w 001300035  |u 000060  |a 0  |e BOA001  |j MZK50  |s A 
996 7 |b 2610529108  |c CDR-1294.542  |d 5, CD 1  |v 5  |l Anglická knihovna/2.patro  |r ZHR  |n 17  |h CD-A 699  |w 001300035  |u 000070  |a 0  |e BOA001  |j MZK50  |s A 
996 7 |b 2610529109  |c CDR-1294.542  |d 5, CD 2  |v 5  |l Anglická knihovna/2.patro  |r ZHR  |n 17  |p kup  |h CD-A 699  |w 001300035  |u 000080  |a 0  |e BOA001  |j MZK50  |s A 
996 7 |b 2610529110  |c CDR-1294.542  |d 5, CD 3  |v 5  |l Anglická knihovna/2.patro  |r ZHR  |n 17  |p kup  |h CD-A 699  |w 001300035  |u 000090  |a 0  |e BOA001  |j MZK50  |s A 
996 7 |b 2610675861  |c 4-1294.542  |d 1,student's book  |v 1  |l Anglická knihovna/2.patro  |r ZHR  |n 15  |p kupz  |h CY 28  |w 001300035  |u 000100  |a 0  |e BOA001  |j MZK50  |s A 
996 7 |b 2610675862  |c 4-1294.542  |d 2,workbook  |v 2  |l Anglická knihovna/2.patro  |r ZHR  |n 12  |p kupz  |h CY 28  |w 001300035  |u 000110  |a 0  |e BOA001  |j MZK50  |s A 
996 7 |b 2610675864  |c 4-1294.542  |d 3,teacher's book  |v 3  |l Anglická knihovna/2.patro  |r ZHR  |n 16  |p kupz  |h CY 28  |w 001300035  |u 000130  |a 0  |e BOA001  |j MZK50  |s A 
996 7 |b 2610675866  |c CDR-1294.542  |d 5, CD 1  |v 5  |l Anglická knihovna/2.patro  |r ZHR  |n 5  |p kupz  |h CD-A 699  |w 001300035  |u 000150  |a 0  |e BOA001  |j MZK50  |s A 
996 7 |b 2610675867  |c CDR-1294.542  |d 5, CD 2  |v 5  |l Anglická knihovna/2.patro  |r ZHR  |n 5  |p kupz  |h CD-A 699  |w 001300035  |u 000160  |a 0  |e BOA001  |j MZK50  |s A 
996 7 |b 2610675868  |c CDR-1294.542  |d 5, CD 3  |v 5  |l Anglická knihovna/2.patro  |r ZHR  |n 5  |p kupz  |h CD-A 699  |w 001300035  |u 000170  |a 0  |e BOA001  |j MZK50  |s A 
996 7 |b DKAA000335  |c CDR-1294.542  |d 3,teacher's book CD-ROM  |v 3  |l Anglická knihovna/2.patro  |r ZHR  |n 4  |p kupz  |h CD-R 292  |w 001300035  |u 000140  |a 0  |e BOA001  |j MZK50  |s A 
996 7 |b DKAA000336  |c CDR-1294.542  |d 3,teacher's book CD-ROM  |v 3a  |l Anglická knihovna/2.patro  |r ZHR  |n 10  |p kup  |h CD-R 292  |w 001300035  |u 000050  |a 0  |e BOA001  |j MZK50  |s A 
996 7 |b DKAA000337  |c CDR-1294.542  |d 2,workbook CD  |v 2  |l Anglická knihovna/2.patro  |r ZHR  |n 8  |p kuz  |h CD-A 700  |w 001300035  |u 000120  |a 0  |e BOA001  |j MZK50  |s A 
996 7 |b DKAA000338  |c CDR-1294.542  |d 2,workbook CD  |v 2  |l Anglická knihovna/2.patro  |r ZHR  |n 10  |p kup  |h CD-A 700  |w 001300035  |u 000030  |a 0  |e BOA001  |j MZK50  |s A